00736nam a22001577a 4500003000900000008004100009040007100050082002500121100002200146245003500168260003800203300004400241505021500285650003200500700004600532AR-CdUCM190404b ||||| |||| 00| 0 spa d aMUNICIPALIDAD PROVINCIAL DEL CUSCOcBIBLIOTECA MUNICIPAL DEL CUSCO a621.89 /bH75 / 1947 aHersey, Mayo Dyer aTeoría de la lubricación / aBuenos Aires :bEl Ateneo,c1947. a202 páginas ;bIlustraciones,c24 cm. aContenido: Introducción histórica -- Viscosidad y su relación con la fricción -- La teoría hidrodinámica clásica -- Teoría dimensional con aplicaciones -- Aumento de temperatura en cojinetes ... aLubricación y lubricantes aMartinez de Vedia, Rodolfo (traducción)